000 00501nam a22001937a 4500
003 BD-ChCU
005 20251120134640.0
008 251120b ii ||||| |||| 00| 0 eng d
020 _a9789354661808
040 _cBD-ChCU
082 _a570.15195 P984b
100 _aPundhir, Sudhir Kumar
_916541
245 _aBiostatistices /
_cSudhir Kumar Pundir
250 _a1st ed.
260 _aNew Delhi :
_bCBS Pub.,
_cc2022
300 _a312p.
650 0 _aBiostatistics
_916543
942 _2ddc
_cBK
_n0
999 _c109646
_d109646